2004/05 Milan 3-3 Liverpool XI's - Statistics

General Stats
  • This quiz has been taken 19 times
  • The average score is 16 of 22
Answer Stats
Hint Answer % Correct
8 Steven Gerrard
100%
21 Andrea Pirlo
94%
1 Dida
94%
3 Paolo Maldini
94%
7 Andriy Shevchenko
89%
2 Cafu
83%
8 Gennaro Gattuso
83%
1 Jerzy Dudek
83%
22 Kaka
83%
14 Xabi Alonso
78%
23 Jamie Carragher
72%
13 Alessandro Nesta
67%
11 Hernan Crespo
67%
4 Sami Hyypia
67%
20 Clarence Seedorf
61%
3 Steve Finnan
61%
7 Harry Kewell
56%
6 John Riise
56%
5 Milan Baros
56%
21 Djimi Traore
50%
10 Luis Garcia
44%
31 Jaap Stam
39%
No matching quizzes found
Score Distribution
Percent of People with Each Score
Percentile by Number Answered
Your Score History
You have not taken this quiz